|
|
|
|
| LEADER |
01082nam a22003017a 4500 |
| 001 |
30169 |
| 003 |
BD-DhAAL |
| 005 |
20151020154939.0 |
| 008 |
150901s1996 bg a|||| |||| 00| 0 eng d |
| 040 |
|
|
|a BD-DhAAL
|c BD-DhAAL
|
| 082 |
|
|
|2 22
|a 307.1412095492
|
| 999 |
|
|
|c 35859
|d 35859
|
| 999 |
|
|
|c 35848
|
| 999 |
|
|
|c 35726
|
| 999 |
|
|
|c 35721
|
| 999 |
|
|
|c 35406
|
| 245 |
|
|
|a Family planning services in four districts of Bangladesh :
|b a situation analysis
|
| 260 |
|
|
|a Dhaka :
|b BRAC,
|c 1996
|
| 300 |
|
|
|a 29 p. :
|b ill. ;
|c 28 cm.
|
| 440 |
|
|
|9 15573
|
| 541 |
|
|
|e 30169
|
| 610 |
|
|
|a BRAC
|9 14340
|
| 650 |
|
|
|a Rural Development
|z Bangladesh
|9 14341
|
| 710 |
|
|
|a BRAC
|9 14340
|
| 852 |
|
|
|a Ayesha Abed Library
|c BRAC Resource Section
|
| 942 |
|
|
|2 ddc
|c BK
|
| 952 |
|
|
|0 0
|1 0
|2 ddc
|4 0
|6 307_141209549200000_FAM
|7 0
|9 56373
|a BRACUL
|b BRACUL
|c BRS
|d 2015-10-20
|e BRAC
|l 0
|o 307.1412095492 FAM
|p 3010030169
|r 2015-10-20
|t 1
|w 2015-10-20
|y BK
|
| 952 |
|
|
|0 0
|1 0
|2 ddc
|4 0
|6 307_141209549200000_FAM
|7 0
|9 57456
|a BRACUL
|b BRACUL
|c BRS
|d 2015-12-31
|e BRAC
|l 0
|o 307.1412095492 FAM
|p 3010030611
|r 2015-12-31
|t 2
|w 2015-12-31
|y BK
|